000 00419nam a2200169Ia 4500
008 230711s9999||||xx |||||||||||||| ||und||
020 _a978-93-84649-74-6
041 _aENG
082 _a630
_bSU-E
100 _aSujeetha, T,N.
245 0 _aExtension Methods at a Glance
260 _c2017
_aNew Delhi
_bWrite & Print Publications
300 _a155p.
650 _aAgriculture
700 _aJanani, S.
942 _cBK
999 _c7555
_d7555